Manual práctico del instalador electricista (Record no. 127408)

MARC details
000 -LEADER
campo de control de longitud fija 00671nam a2200181 4500
001 - NÚMERO DE CONTROL
campo de control 127408
003 - IDENTIFICADOR DE NÚMERO DE CONTROL
campo de control ES-MaACL
005 - FECHA Y HORA DE LA ÚLTIMA TRANSACCIÓN
campo de control 20230906193018.0
007 - CAMPO FIJO DE DESCRIPCIÓN FÍSICA--INFORMACIÓN GENERAL
campo de control de longitud fija t|
008 - DATOS DE LONGITUD FIJA--INFORMACIÓN GENERAL
campo de control de longitud fija 070214s1958 sp r ||||1| spa d
100 1# - ENTRADA PRINCIPAL--NOMBRE DE PERSONA
Nombre de persona Richter, Herbert P.
9 (RLIN) 96979
245 10 - MENCIÓN DEL TÍTULO
Título Manual práctico del instalador electricista
Resto del título : con el reglamento español para instalaciones de baja tensión /
Mención de responsabilidad, etc. Herbert P. Richter ; traducción de Federico Armenter de Monasterio.
250 ## - MENCION DE EDICION
Mención de edición 1ª ed.
260 ## - PUBLICACIÓN, DISTRIBUCIÓN, ETC.
Lugar de publicación, distribución, etc. Barcelona [etc.] :
Nombre del editor, distribuidor, etc. José Montesó,
Fecha de publicación, distribución, etc. 1958.
300 ## - DESCRIPCIÓN FÍSICA
Extensión XVI, 342 p. :
Otras características físicas il. ;
Dimensiones 22 cm.
700 1# - ENTRADA AGREGADA--NOMBRE PERSONAL
Nombre de persona Armenter de Monasterio, Federico.
9 (RLIN) 22956
852 ## - LOCALIZACIÓN
Ubicación ES-MaACL
Número de control de estantería C-15070
Sublocalización o colección R.42936
Holdings
Estatus retirado Estado de pérdida Estado de daño No para préstamo Biblioteca de origen Biblioteca actual Ubicación en estantería Fecha de adquisición Fuente de adquisición Total de préstamos Signatura topográfica completa Código de barras Visto por última vez Precio de reemplazo Tipo de ítem Koha
        Biblioteca del Ateneo de Madrid Biblioteca del Ateneo de Madrid Ficheros 17/01/2008     C-15070 1132702 23/02/2023 23/02/2023 Libro impreso